000 00875nmm a2200277 a 4500
001 ocm000999362
003 TR-IsHL
005 20201028151420.0
008 150709s2015 tu tur
007 cr cn
020 _a9786059879361
035 _a999362
_b(N$T)
050 0 4 _aPN6231
_b.Y37 2015
090 0 4 _aPN6231
_b.Y37 2015
100 1 _aYaşayan, İnanç
245 1 0 _aÇok güleceksin çok
_h[electronic resource] /
_cİnanç Yaşayan ; editör Melis Yağmur
260 _aİstanbul :
_bAZ Kitap,
_c2015
300 _a191 p.
650 4 _aDil ve Edebiyat
650 4 _aLanguage and Literature
650 0 _aNükte ve mizah
650 0 _aWith and humor
650 7 _aHUMOR / Form / Anecdotes & Quotations
_2bisacsh
700 1 _aYağmur, Melis
856 4 0 _uhttp://search.ebscohost.com/login.aspx?direct=true&scope=site&db=e011xww&AN=999362
999 _c10994
_d10994